Classical thermodynamics of non-electrolyte solutions /
Guardado en:
| Autor Principal: | |
|---|---|
| Formato: | Libro |
| Idioma: | English |
| Publicado: |
Oxford :
Pergamon Press,
1964.
|
| Materias: | |
| Etiquetas: |
Agregar Etiqueta
Sin Etiquetas, Sea el primero en etiquetar este registro!
|
| LEADER | 00744nam a22002055a 4500 | ||
|---|---|---|---|
| 001 | EIQ.libpla000583 | ||
| 008 | 840409s1964####enka#####b####001#0#eng#d | ||
| 005 | 20070914180041.0 | ||
| 245 | 1 | 0 | |a Classical thermodynamics of non-electrolyte solutions / |c H.C.Van Ness. |
| 260 | |a Oxford : |b Pergamon Press, |c 1964. | ||
| 300 | |a viii, 166 p. : |b il. ; |c 24 cm. | ||
| 504 | |a Incluye referencias bibliográficas e índice. | ||
| 100 | 1 | |a Van Ness, H. C. |q (Hendrick C.) | |
| 650 | 4 | |a Termodinámica |x Soluciones. | |
| 650 | 4 | |a Termodinámica |x Conceptos básicos. | |
| 650 | 4 | |a Thermodynamics |x Basic concepts. | |
| 650 | 4 | |a Thermodynamics |x Solutions. | |
| 010 | |a 63017230 | ||
| 040 | |a DLC/ICU |c ICU |d AR-BbSID | ||
| 859 | |a AR-BbSID |b BIB. PLAPIQUI |h 541.369 |i V 26 |p 405 | ||
